000 00451nam a2200181Ia 4500
008 100917s9999 xx 000 0 und d
082 _b48435
100 _aदामले आशा
245 _aभूमी
260 _bविश्वमोहिनी प्रकाशन
_c1981
300 _a140
365 _b15
520 _aकथा
630 _aभूमी
650 _aकथा
730 _aभूमी
942 _cBOOK
999 _c653829
_d653826